Statistiques concernant Quiz sur le Canada

Cliquez ici pour prendre le quiz!

Statistiques générales

  • Ce quiz a été pris 14 338 fois
  • Le résultat moyen est 10 sur 24

Statistiques - réponses

QuestionRéponse% Correct
CapitaleOttawa
97%
Ville la plus peupléeToronto
85%
Sport le plus regardéHockey sur Glace
76%
Plat québécois à base de frites,
de fromage et de sauce brune
Poutine
74%
Premier ministre élu en 2015Justin Trudeau
71%
Province où ces deux villes se situentOntario
59%
Fleuve qui coule à MontréalSaint-Laurent
59%
Roi du Canada, de jureCharles III
56%
Explorateur français qui a nommé le paysJacques Cartier
45%
Animal nationalCastor
39%
Province qui a rejoint le Canada en 1949Terre-Neuve
36%
Ville-hôte des JO d'Hiver en 1988Calgary
35%
Fête célébrée le deuxième mardi d'octobreAction de {grâce}
33%
Hymne nationalÔ Canada
33%
Territoire inuit créé en 1999Nunavut
32%
Principal pays d'origine des
étrangers vivant au Canada
Chine
30%
Plus petite provinceÎle-du-Prince-Édouard
29%
Plus haute tourTour {CN}
26%
Colonie viking établie vers l'an 1000{Vin}land
20%
Plus vieux parc national (en Alberta)Banff
15%
Sport d'origine amérindienne dans lequel
les Iroquois ont une équipe nationale
(La)crosse
15%
Oiseau qui apparait sur les
pièces d'un dollar canadien
Huard
12%
Plus grande îleÎle de {Baffin}
11%
Nom donné au drapeau canadienUnifolié
7%

Distribution des résultats

Percentile par nombre de réponses

% des personnes avec chaque résultat

Votre développement - résultats

Vous n’avez pas pris ce quiz